00435nam a22001337a 4500999001900000020001500019040001200034082001500046100002400061245009800085300001100183942001200194952009500206 c533673d533673 a0684859394 cMSOHAIL a973.929092 a Marvin Kalb927635 aOne Scandalous Story: Clinton, Lewinsky, and Thirteen Days That Tarnished American Journalism a182;p; 2ddccBK 00102ddc4070aNITbNITd2020-01-16l0o973.929092pNIT-9269r2020-01-16w2020-01-16yBK